000 01792nam a2200529 i 4500
001 55878
003 KOSZ 005
005 20210910135347.0
008 070830s2006 pl a |000 0 pol
015 _aUWD 2007/24506
020 _a832272599X
035 _a991036185249705066
035 _a(PL-WaBN)b19722631-48omnis_nlop
035 _ab19722631
035 _a(OCoLC)76289565
035 _azz2006834663
035 _a(PL)b0000001972263
035 _a(EXLNZ-48OMNIS_NETWORK)9910195329005606
040 _aWA N
_cWA N
_dKOSZ 005/HR
046 _k2006
080 _a739.1/.2(438)"15/16"
080 _a391(438)"15/16"
100 1 _aLetkiewicz, Ewa
_eAutor
245 1 0 _aKlejnoty w Polsce :
_bczasy ostatnich Jagiellonów i Wazów /
_cEwa Letkiewicz.
260 _aLublin :
_bWydawnictwo Uniwersytetu Marii Curie-Skłodowskiej,
_c2006.
300 _a592 s., [8] s. tabl. kolor. :
_bil. ;
_c25 cm.
336 _aTekst
_btxt
_2rdacontent
337 _aBez urządzenia pośredniczącego
_bn
_2rdamedia
338 _aWolumin
_bnc
_2rdacarrier
380 _aKsiążki
388 _a2001-
500 _aNa s. przytyt.: 60 lat Wydawnictwa UMCS.
600 3 7 _aJagiellonowie
_c(dynastia)
_2DBN
600 3 7 _aWazowie
_c(dynastia)
648 7 _a1501-1600
_2DBN
648 7 _a1601-1700
_2DBN
650 7 _aInsygnia
_2DBN
650 7 _aBiżuteria
650 7 _aZłotnictwo
_2DBN
650 7 _aWyroby ze złota
651 _aPolska
658 _aKultura i sztuka
710 2 _aWydawnictwo Uniwersytetu Marii Curie-Skłodowskiej
_4pbl
856 _uhttp://koha.tu.koszalin.pl/cgi-bin/koha/opac-detail.pl?biblionumber=55878
_yKatalog online BPK
942 _2UKD
_cKS
999 _c55878
_d55878